Bonifacio - Choix multiples - Statistiques

Statistiques générales
  • Ce quiz a été pris 22 fois
  • Le résultat moyen est 7 sur 10
Statistiques - réponses
Question Réponse % Correct
Sur quelle île se situe Bonifacio ? La Corse
100%
Reconnaissez-vous Bonifacio sur l'une des images suivantes ?
95%
Quelle île n'est distante de Bonifacio que de 12 km ? La Sardaigne
95%
Parmi les affirmations suivantes, laquelle est exacte ? Bonifacio est la ville la plus méridionale de l'île.
74%
Quelle roche compose essentiellement les célèbres falaises de Bonifacio ? Le calcaire
74%
À qui est dédié l'escalier de 189 marches, taillé dans l'une des falaises de Bonifacio ? Au roi d'Aragon
58%
Comment appelle-t-on le détroit qui sépare Bonifacio de l'île précédente ? Les bouches de Bonifacio
53%
Qui sont considérés comme les probables bâtisseurs de l'escalier évoqué à la question précédente ? Des moines franciscains
47%
En quelle année a eu lieu la libération de Bonifacio de l'occupation des forces de l'Axe ? En 1943
47%
Quel film de Georges Lautner avec Paul Meurisse fut en partie tourné à Bonifacio et dans les alentours ? L'Œil du Monocle
32%
Aucun quiz correspondant
Distribution des résultats
% des personnes avec chaque résultat
Percentile par nombre de réponses
Votre historique - résultats
Vous n’avez pas pris ce quiz